000 02131cam a22005894i 4500
003 PE-LiUPU
005 20250731180149.0
008 150706s2012 pe a rb 000 0 spa d
020 _a9789972571985
035 _a(Sirsi) i9789972571985
040 _aPE-LiUPU
_bspa
_cPE-LiUPU
_erda
049 _aPRUA
082 0 4 _a519.5
_bT69
_221
100 1 _aToma Inafuko, Jorge,
_eautor.
245 1 0 _aEstadística aplicada :
_bprimera parte /
_cJorge Toma Inafuko y Jorge Luis Rubio Donet.
250 _a2a ed.
264 1 _aLima :
_bCentro de investigación de la Universidad del Pacífico,
_c2012.
300 _a344 páginas :
_bilustraciones ;
_c22 centímetros
336 _atext
_2rdacontent
337 _aunmediated
_2rdamedia
338 _avolume
_2rdacarrier
490 0 _aApuntes de estudio ;
_v64
504 _aIncluye bibliografía.
505 0 _aOrganización y representación de datos -- Medidas estadísticas básicas -- Números índices -- Probabilidades -- Variables aleatorias -- Distribuciones de probabilidades -- Distribuciones multivariadas.
526 _aSEG44
526 _aSEG26
526 _aP159
526 _aP155
526 _aP154
526 _aP153
526 _aP150
526 _aP100
526 _aP31
526 _aP30
526 _aP26
526 _aP25
526 _aP24
526 _aP22
526 _aP15
526 _aP10
541 _g701-0035216;
650 0 4 _aEstadística
_xProblemas, ejercicios, etc.
650 0 4 _aEstadística matemática
_xProblemas, ejercicios, etc.
700 1 _aRubio Donet, Jorge Luis,
_eautor.
710 2 _aUniversidad del Pacífico
910 _agl
_cfsr
_d20121210
942 _2ddc
_cBOOK
949 _a519.5 T69
_wDEWEY
_c1
_i65889
_lCCODEBUL1
_mBUL
_p17.00
_r0
_sY
_tBOOK
_u2015-7-6
_xFCE
_PP04
_o.STAFF. Colección General
994 _aC0
_bPEPRU
596 _a1
999 _a519.5 T69
_wDEWEY
_c54273
_i65889
_d54273
_e2018-9-27
_f2021-11-5
_g6
_lCCODEBUL1
_mBUL
_n17
_p17.00
_q2
_r0
_sY
_tBOOK
_u2015-7-6
_xFCE
_PP04
_o.STAFF. Colección General
980 _81
_gALBERTO SANCHEZ Responsable de Automatización